<?xml version="1.0" encoding="UTF-8"?>
<record
    xmlns:xsi="http://www.w3.org/2001/XMLSchema-instance"
    xsi:schemaLocation="http://www.loc.gov/MARC21/slim http://www.loc.gov/standards/marcxml/schema/MARC21slim.xsd"
    xmlns="http://www.loc.gov/MARC21/slim">

  <leader>04771nam a2200421 a 4500</leader>
  <controlfield tag="001">000108183</controlfield>
  <controlfield tag="003">CHAP</controlfield>
  <controlfield tag="005">20230517105926.0</controlfield>
  <controlfield tag="007">ta</controlfield>
  <controlfield tag="008">131216s2012    fluado fr|   |||1|||eng d</controlfield>
  <datafield tag="010" ind1=" " ind2=" ">
    <subfield code="a">104645</subfield>
  </datafield>
  <datafield tag="011" ind1=" " ind2=" ">
    <subfield code="a">105617</subfield>
  </datafield>
  <datafield tag="020" ind1=" " ind2=" ">
    <subfield code="a">9781420093414</subfield>
  </datafield>
  <datafield tag="040" ind1=" " ind2=" ">
    <subfield code="c">CHAP</subfield>
    <subfield code="a">mxchpua</subfield>
  </datafield>
  <datafield tag="050" ind1="1" ind2="0">
    <subfield code="a">TP453.P7</subfield>
    <subfield code="b">.F66 2012</subfield>
  </datafield>
  <datafield tag="082" ind1="0" ind2="4">
    <subfield code="a">574.19296</subfield>
    <subfield code="b">H59</subfield>
  </datafield>
  <datafield tag="245" ind1="1" ind2="0">
    <subfield code="a">Food proteins and peptides :</subfield>
    <subfield code="b">chemistry, functionality, interactions, and commercialization /</subfield>
    <subfield code="c">editor Navam S. Hettiarachchy.</subfield>
  </datafield>
  <datafield tag="250" ind1=" " ind2=" ">
    <subfield code="a">1a edici&#xF3;n</subfield>
  </datafield>
  <datafield tag="264" ind1=" " ind2=" ">
    <subfield code="a">Boca Raton, FL :</subfield>
    <subfield code="b">CRC Press,</subfield>
    <subfield code="c">2012</subfield>
  </datafield>
  <datafield tag="300" ind1=" " ind2=" ">
    <subfield code="a">xvi, 454 p&#xE1;ginas :</subfield>
    <subfield code="b">ilustraciones, gr&#xE1;ficas, diagramas, tablas, fotos</subfield>
  </datafield>
  <datafield tag="490" ind1="1" ind2=" ">
    <subfield code="a">Food Science &amp; Nutrition (CRC Press)</subfield>
  </datafield>
  <datafield tag="504" ind1=" " ind2=" ">
    <subfield code="a">Incluye bibliograf&#xED;as</subfield>
  </datafield>
  <datafield tag="505" ind1=" " ind2=" ">
    <subfield code="t">Food Proteins&#x2013;Peptides: Chemistry and Structure /</subfield>
    <subfield code="r">Arvind Kannan, Navam Hettiarachchy, and Maurice Marshall</subfield>
    <subfield code="t">Food Proteins&#x2013;Peptides: Determination and Characterization /</subfield>
    <subfield code="r">Arvind Kannan, Navam Hettiarachchy, and Maurice Marshall</subfield>
    <subfield code="t">Food Proteins and Peptides: Structure&#x2013;Function Relationship /</subfield>
    <subfield code="r">Arvind Kannan, Navam Hettiarachchy, Kenji Sato, and Maurice Marshall</subfield>
    <subfield code="t">Protein Solubility and Functionality /</subfield>
    <subfield code="r">Shridhar K. Sathe</subfield>
    <subfield code="t">Proteins&#x2013;Peptides as Emulsifying Agents /</subfield>
    <subfield code="r">Yasuki Matsumura and Kentaro Matsumiya</subfield>
    <subfield code="t">Proteins and Peptides as Foaming Agents /</subfield>
    <subfield code="r">Arvind Kannan, Navam Hettiarachchy, and Maurice Marshall</subfield>
    <subfield code="t">Chemical and Enzymatic Protein Modifications and Functionality Enhancement /</subfield>
    <subfield code="r">Hitomi Kumagai</subfield>
    <subfield code="t">Heat-induced Casein&#x2013;Whey Protein Interactions /</subfield>
    <subfield code="r">Sundaram Gunasekaran and Oscar Solar</subfield>
    <subfield code="t">Protein&#x2013;Saccharide Interaction /</subfield>
    <subfield code="r">Hiroki Saeki</subfield>
    <subfield code="t">Peptide&#x2013;Lipid Interactions and Functionalities /</subfield>
    <subfield code="r">Satoshi Nagaoka</subfield>
    <subfield code="t">Proteins and Peptides with Taste /</subfield>
    <subfield code="r">Motonaka Kuroda</subfield>
    <subfield code="t">Bioavailability and Safety of Food Peptides /</subfield>
    <subfield code="r">Elvira Gonzalez de Mejia, Cristina Martinez-Villaluenga, Dina Fernandez, Daisuke Urado, and Kenji Sato</subfield>
    <subfield code="t">Database of Biologically Active Proteins and Peptides /</subfield>
    <subfield code="r">Bart&#x142;omiej Dziuba , Piotr Minkiewicz, and Ma&#x142;gorzata Darewicz</subfield>
    <subfield code="t">Food-Derived Bioactive Peptides in the Market /</subfield>
    <subfield code="r">Toshio Shimizu</subfield>
    <subfield code="t">Large-scale Fractionation of Biopeptides /</subfield>
    <subfield code="r">Kenji Sato and Kaori Hashimoto</subfield>
    <subfield code="t">Industry Perspectives and Commercial Trends for Food Protein and Biopeptides /</subfield>
    <subfield code="r">Se-Kwon Kim and Isuru Wijesekara</subfield>
    <subfield code="t">Protein Nanotechnology: Research, Development, and Precaution in the Food Industry /</subfield>
    <subfield code="r">Masami Matsuda, Geoffrey Hunt, Yoshinori Kuboki, Toshio Ogino, Ryuichi Fujisawa , Fumio Watari, and Rachel L. Sammons</subfield>
    <subfield code="t">Index</subfield>
  </datafield>
  <datafield tag="520" ind1="2" ind2=" ">
    <subfield code="a">A multidisciplinary resource, Food Proteins and Peptides: Chemistry, Functionality, Interactions, and Commercialization enables researchers in biochemistry, biotechnology, food science and technology, nutrition, and medicine to understand the physicochemical and biochemical factors that govern the functionality of these food components. Following chapters on the structure and chemistry of amino acids, peptides, and proteins, the book describes modes of characterization and the functional relationships of food proteins. It examines protein solubility and insolubility and explores proteins and peptides as emulsifying and foaming agents.

Specialized topics include:

Factors affecting heat-induced casein&#x2013;whey protein interactions in bovine milk systems
The effects of protein&#x2013;saccharide interactions on the properties of food components
Ameliorative action of peptides on cholesterol and lipid metabolism
Proteins and peptides with elements of sweetness, kokumi, umami, and bitterness
A new approach for the large-scale fractionation of peptides based on their amphoteric nature
The book examines the source of bioactive peptides and describes their bioavailability, including their absorption and occurrence in human blood. It also provides a database of biologically active proteins and peptides. Final chapters review current status, future industrial perspectives, and future trends of bioactive food proteins and peptides and explore the role of nanotechnology in protein research.

With contributions from a panel of international scientists, this volume captures the state of the art in protein and peptide research, providing a launching pad for further inquiry and discovery.</subfield>
  </datafield>
  <datafield tag="590" ind1=" " ind2=" ">
    <subfield code="a">E5652GLJ</subfield>
    <subfield code="b">05</subfield>
    <subfield code="c">20131216</subfield>
  </datafield>
  <datafield tag="650" ind1="1" ind2="4">
    <subfield code="a">Alimentos</subfield>
    <subfield code="x">Prote&#xED;nas</subfield>
    <subfield code="9">4272</subfield>
  </datafield>
  <datafield tag="650" ind1="1" ind2="4">
    <subfield code="a">P&#xE9;ptidos</subfield>
    <subfield code="9">86949</subfield>
  </datafield>
  <datafield tag="650" ind1="1" ind2="4">
    <subfield code="a">Prote&#xED;nas</subfield>
    <subfield code="x">Metabolismo</subfield>
    <subfield code="9">92450</subfield>
  </datafield>
  <datafield tag="650" ind1="1" ind2="3">
    <subfield code="a">Compuestos bioactivos alimenticios</subfield>
    <subfield code="9">185525</subfield>
  </datafield>
  <datafield tag="650" ind1="1" ind2="3">
    <subfield code="a">Foods  </subfield>
    <subfield code="x">Proteins</subfield>
    <subfield code="9">156172</subfield>
  </datafield>
  <datafield tag="650" ind1="1" ind2="3">
    <subfield code="a">Bioactive food compounds</subfield>
    <subfield code="9">185526</subfield>
  </datafield>
  <datafield tag="650" ind1="1" ind2="3">
    <subfield code="a">Peptides  </subfield>
    <subfield code="9">156975</subfield>
  </datafield>
  <datafield tag="650" ind1="1" ind2="3">
    <subfield code="a">Proteins  </subfield>
    <subfield code="x">Metabolism</subfield>
    <subfield code="9">148398</subfield>
  </datafield>
  <datafield tag="700" ind1="1" ind2=" ">
    <subfield code="9">125067</subfield>
    <subfield code="a">Hettiarachchy, Navam S.</subfield>
    <subfield code="e">editor</subfield>
  </datafield>
  <datafield tag="830" ind1=" " ind2="0">
    <subfield code="9">187063</subfield>
    <subfield code="a">Food Science &amp; Nutrition (CRC Press)</subfield>
  </datafield>
  <datafield tag="901" ind1=" " ind2=" ">
    <subfield code="a">BK</subfield>
  </datafield>
  <datafield tag="942" ind1=" " ind2=" ">
    <subfield code="c">LIBRO</subfield>
    <subfield code="2">ddc</subfield>
  </datafield>
  <datafield tag="999" ind1=" " ind2=" ">
    <subfield code="c">104645</subfield>
    <subfield code="d">104645</subfield>
  </datafield>
  <datafield tag="952" ind1=" " ind2=" ">
    <subfield code="0">0</subfield>
    <subfield code="1">0</subfield>
    <subfield code="2">ddc</subfield>
    <subfield code="4">0</subfield>
    <subfield code="5">2</subfield>
    <subfield code="7">0</subfield>
    <subfield code="8">GRAL</subfield>
    <subfield code="a">BC</subfield>
    <subfield code="b">BC</subfield>
    <subfield code="c">PA_GRAL</subfield>
    <subfield code="d">2013-12-16</subfield>
    <subfield code="e">I.c/e</subfield>
    <subfield code="f">LIBRO</subfield>
    <subfield code="l">0</subfield>
    <subfield code="o">574.19296 H59</subfield>
    <subfield code="p">33724002392280</subfield>
    <subfield code="r">2019-12-31 00:00:00</subfield>
    <subfield code="w">2019-12-31</subfield>
    <subfield code="y">LIBRO</subfield>
  </datafield>
  <datafield tag="952" ind1=" " ind2=" ">
    <subfield code="0">0</subfield>
    <subfield code="1">0</subfield>
    <subfield code="2">ddc</subfield>
    <subfield code="4">0</subfield>
    <subfield code="5">2</subfield>
    <subfield code="7">0</subfield>
    <subfield code="8">GRAL</subfield>
    <subfield code="a">BC</subfield>
    <subfield code="b">BC</subfield>
    <subfield code="c">PA_GRAL</subfield>
    <subfield code="d">2013-12-16</subfield>
    <subfield code="e">I.c/e</subfield>
    <subfield code="f">LIBRO</subfield>
    <subfield code="l">0</subfield>
    <subfield code="o">574.19296 H59</subfield>
    <subfield code="p">33724002392298</subfield>
    <subfield code="r">2019-12-31 00:00:00</subfield>
    <subfield code="t">c.2</subfield>
    <subfield code="w">2019-12-31</subfield>
    <subfield code="y">LIBRO</subfield>
  </datafield>
  <datafield tag="952" ind1=" " ind2=" ">
    <subfield code="0">0</subfield>
    <subfield code="1">0</subfield>
    <subfield code="2">ddc</subfield>
    <subfield code="4">0</subfield>
    <subfield code="5">1</subfield>
    <subfield code="7">0</subfield>
    <subfield code="8">GRAL</subfield>
    <subfield code="a">IA_</subfield>
    <subfield code="b">IA_</subfield>
    <subfield code="d">2019-11-28</subfield>
    <subfield code="e">Compra Librer&#xED;a UACh F. 38696</subfield>
    <subfield code="i">Consumo</subfield>
    <subfield code="l">0</subfield>
    <subfield code="o">612.398 F66 2012</subfield>
    <subfield code="p">1102014788</subfield>
    <subfield code="r">2023-05-17 00:00:00</subfield>
    <subfield code="t">Ej. 1</subfield>
    <subfield code="w">2023-05-17</subfield>
    <subfield code="y">LIBRO</subfield>
  </datafield>
  <datafield tag="952" ind1=" " ind2=" ">
    <subfield code="0">0</subfield>
    <subfield code="1">0</subfield>
    <subfield code="2">ddc</subfield>
    <subfield code="4">0</subfield>
    <subfield code="5">5</subfield>
    <subfield code="7">0</subfield>
    <subfield code="8">GRAL</subfield>
    <subfield code="a">IA_</subfield>
    <subfield code="b">IA_</subfield>
    <subfield code="d">2019-11-28</subfield>
    <subfield code="e">Compra Librer&#xED;a UACh F. 38696</subfield>
    <subfield code="i">Consumo</subfield>
    <subfield code="l">0</subfield>
    <subfield code="o">612.398 F66 2012</subfield>
    <subfield code="p">1102014789</subfield>
    <subfield code="r">2023-05-17 00:00:00</subfield>
    <subfield code="t">Ej. 2</subfield>
    <subfield code="w">2023-05-17</subfield>
    <subfield code="y">LIBRO</subfield>
  </datafield>
</record>
